[Event "7th Vladimir Dvorkovich Cup"]
[Site "Moscow RUS"]
[Date "2012.06.29"]
[Round "1.16"]
[White "Severina,M"]
[Black "Lei Tingjie"]
[Result "0-1"]
[WhiteElo "2247"]
[BlackElo "2154"]

1.d4 d5 2.c4 c6 3.Nf3 Nf6 4.Nc3 dxc4 5.a4 Bf5 6.e3 e6 7.Bxc4 Bb4 8.O-O Nbd7
9.Nh4 Bg6 10.Be2 a5 11.Nxg6 hxg6 12.Qc2 Qe7 13.e4 e5 14.dxe5 Qxe5 15.f4 Qc5+
16.Kh1 O-O-O 17.Bd2 Nb6 18.Be1 Nc4 19.Nd1 Nd2 20.Qxc5 Bxc5 21.Bxd2 Rxd2 22.Bf3 Bd4
23.Rb1 Kc7 24.Re1 Nd7 25.b3 Nc5 26.Ne3 Bxe3 27.Rxe3 Rhd8 28.e5 R8d3 29.Rxd3 Rxd3
30.Bd1 Rd2 31.Kg1 Kb6 32.h4 Ne6 33.g3 Nd4 34.h5 gxh5 35.Bxh5 g6 36.Bd1 Kc5
37.g4 Kd5 38.Kf1 Ke4 39.f5 gxf5 40.gxf5 Nxf5 41.Ke1 Rh2 42.b4 Ne3  0-1

[Event "40th TCh-GRE 2012"]
[Site "Achaea GRE"]
[Date "2012.07.01"]
[Round "3.9"]
[White "Rapport,R"]
[Black "Mendrinos,N"]
[Result "1-0"]
[WhiteElo "2577"]
[BlackElo "2221"]

1.Nf3 d5 2.d4 Nf6 3.c4 c6 4.Nc3 dxc4 5.a4 Bf5 6.Ne5 Nbd7 7.Nxc4 Qc7 8.Qd2 Nb6
9.Ne5 e6 10.f3 Nbd7 11.e4 Bg6 12.Nc4 Nb6 13.Qf4 Qxf4 14.Bxf4 Nxc4 15.Bxc4 O-O-O
16.Be3 a5 17.Kf2 Nd7 18.Rac1 Bd6 19.Rhd1 Kb8 20.Ne2 Nb6 21.Bb3 Bc7 22.Nf4 Rhe8
23.h4 h6 24.Nxg6 fxg6 25.Ke2 Re7 26.f4 Rf8 27.g3 Nc8 28.Bc2 g5 29.e5 gxf4
30.gxf4 Nb6 31.Bb3 Nd5 32.Bxd5 cxd5 33.Rg1 Kc8 34.Bd2 Kd7 35.Rxc7+ Kxc7 36.Bxa5+ Kd7
37.Bb4  1-0

[Event "ch-BEL Experts 2012"]
[Site "Lommel BEL"]
[Date "2012.07.02"]
[Round "3.4"]
[White "Sarrau,J"]
[Black "Ringoir,T"]
[Result "0-1"]
[WhiteElo "2287"]
[BlackElo "2422"]

1.d4 d5 2.c4 c6 3.Nf3 Nf6 4.Nc3 dxc4 5.a4 Bf5 6.Ne5 Nbd7 7.Nxc4 Nb6 8.Ne5 a5
9.g3 e6 10.Bg2 Bb4 11.O-O O-O 12.e3 h6 13.Qe2 Bh7 14.Rd1 Nfd7 15.Nd3 Bxd3
16.Qxd3 e5 17.Ne2 exd4 18.Nxd4 Qf6 19.Qc2 c5 20.Nf5 c4 21.Bd2 Qe5 22.Bxb4 axb4
23.Nd6 b3 24.Qd2 c3 25.bxc3 Nxa4 26.Nc4 Qxc3 27.Qxd7 Qxc4 28.Bd5 Qb4 29.Rd4 b2
30.Rb1 Qa3 31.Rxa4 Rxa4 32.Rxb2 Qxb2 33.Qxa4 b5 34.Qa7 b4 35.Qb7 Qc1+ 36.Kg2 Qc5
37.e4 Kh8 38.g4 Qd6 39.h3 Rb8 40.Qxf7 Rf8 41.Qa7 Qf4 42.Qc5 Qf3+ 43.Kg1 b3
44.Bxb3 Ra8 45.Bc4 Qxh3 46.Qd4 Qxg4+ 47.Kf1 Rc8 48.Qd5 Rf8 49.Qd4 Qh4 50.Ke2 h5
51.Be6 Qf6 52.Qxf6 Rxf6 53.Bh3 g5 54.f3 Kg7 55.Ke3 Rf4 56.Bc8 Kf6 57.Bd7 Ke5
58.Bc8 Rf8  0-1

[Event "Stockholm Master Open 2012"]
[Site "Stockholm SWE"]
[Date "2012.07.03"]
[Round "8.8"]
[White "Fors,T"]
[Black "Furhoff,J"]
[Result "0-1"]
[WhiteElo "2059"]
[BlackElo "2358"]

1.d4 d5 2.c4 c6 3.Nf3 Nf6 4.Nc3 dxc4 5.a4 Bf5 6.e3 e6 7.Bxc4 Bb4 8.O-O O-O
9.Qe2 Bg6 10.Rd1 Nbd7 11.Na2 Bd6 12.Nc3 Qc7 13.e4 e5 14.d5 Nc5 15.Nd2 a5
16.f3 Rad8 17.Nf1 Nh5 18.g3 Kh8 19.Be3 f5 20.Nd2 f4 21.Bf2 fxg3 22.hxg3 Qe7
23.Kh2 Rf6 24.Rg1 Rdf8 25.Be3 h6 26.Raf1 Be8 27.Rf2 Rg6 28.Nf1 Nf4 29.Bxf4 exf4
30.g4 Bd7 31.Kh1 Be5 32.Qd2 Qf6 33.Rh2 Rg5 34.Rgg2 Bxc3 35.Qxc3 Qxc3 36.bxc3 Nxa4
37.Ra2 b5 38.dxc6 Bxc6 39.Be6 Rc5 40.Bf5 Rxc3 41.g5 Rxf3 42.Kg1 b4 43.gxh6 g5
44.Rag2 b3 45.Rxg5 b2 46.Nd2 Rg3+ 47.Rg2 Nc3 48.R2xg3 fxg3 49.Rg7 Rf6 50.Ra7 Rxf5
51.exf5 Ne2+  0-1

[Event "35th Barbera Open A"]
[Site "Barbera del Valles ESP"]
[Date "2012.07.04"]
[Round "1.19"]
[White "Sos Andreu,E"]
[Black "Alarcon Casellas,Rol"]
[Result "0-1"]
[WhiteElo "2185"]
[BlackElo "2436"]

1.c4 Nf6 2.Nf3 c6 3.d4 d5 4.Nc3 dxc4 5.a4 Bf5 6.Ne5 e6 7.Nxc4 Bb4 8.e3 O-O
9.Bd3 Nbd7 10.O-O Bxd3 11.Qxd3 Re8 12.Bd2 e5 13.dxe5 Nxe5 14.Nxe5 Rxe5 15.Qxd8+ Rxd8
16.Rfd1 Re7 17.Nd5 Rxd5 18.Bxb4 Re4 19.Rxd5 Nxd5 20.Bc5 b6 21.Bd4 c5 22.Bc3 Nxc3
23.bxc3 Rc4 24.Ra3 f5 25.f3 Kf7 26.Kf2 Ke6 27.Ke2 Rh4 28.h3 Kd5 29.Kd3 a6
30.Ra2 g5 31.Ra1 h5 32.Ra2 g4 33.c4+ Kd6 34.hxg4 hxg4 35.fxg4 Rxg4 36.Rf2 Ke5
37.Rb2 Rg3 38.Rf2 Rg6 39.Rb2 Rg3 40.Rf2 Rg8 41.Rb2 Rg6 42.Rd2 Rh6 43.Rb2 Rd6+
44.Ke2 Ke4 45.Rd2 Rg6 46.Kf2 b5 47.axb5 axb5 48.cxb5 Rb6 49.Ke2 Rxb5 50.Rc2 Ra5
51.Kd2 Kd5 52.Kd3 Ra3+ 53.Kd2 c4 54.Ke2 Rd3 55.Kf3 Rd1 56.Kf4 Rf1+ 57.Kg5 Kc5
58.g4 fxg4 59.Kxg4 Rf8 60.Kg3 Kb4 61.Rb2+ Kc3 62.Rb7 Kd3 63.Rc7 c3 64.e4 Re8
65.Kf3 Rf8+ 66.Kg3 c2 67.e5 Rf1 68.Kg4 c1=Q 69.Rxc1 Rxc1 70.e6 Kd4 71.Kf5 Kd5  0-1

[Event "35th Barbera Open A"]
[Site "Barbera del Valles ESP"]
[Date "2012.07.04"]
[Round "1.3"]
[White "Peralta,Fe"]
[Black "Anurag,M"]
[Result "1-0"]
[WhiteElo "2602"]
[BlackElo "2301"]

1.d4 d5 2.c4 c6 3.Nf3 Nf6 4.Nc3 dxc4 5.a4 Bf5 6.e3 e6 7.Bxc4 Bb4 8.O-O O-O
9.Qe2 Nbd7 10.e4 Bg6 11.e5 Nd5 12.Bd2 Be7 13.a5 a6 14.Bd3 Rc8 15.Bxg6 fxg6
16.Ne4 h6 17.Rfc1 g5 18.Ne1 Qe8 19.Nd3 Qg6 20.b4 Rf7 21.f3 Rcf8 22.Rf1 Nc7
23.h3 Rd8 24.Rad1 Bf8 25.Rfe1 Nb5 26.Be3 Nb8 27.Ndc5 Rd5 28.Qb2 Rc7 29.Bf2 Qf7
30.Bg3 Rc8 31.Na4 Rcd8 32.Bf2 Qe7 33.Nec5 Re8 34.Nb6 Rdd8 35.Nc4 Qf7 36.h4 gxh4
37.Bxh4 g5 38.Bg3 Rd5 39.Rf1 Red8 40.Bf2 Re8 41.Be3 Kh8 42.Qb3 Bg7 43.Ne4 Red8
44.Ncd6 Nxd6 45.Nxd6 R8xd6 46.exd6 Nd7 47.Bf2 Rxd6 48.Rfe1 Rd5 49.Qe3 Nf8
50.Bg3 Qd7 51.Kh1 Kg8 52.Qe4 Bxd4 53.Re2 Bf2 54.Rxd5 cxd5 55.Qe5 Bxg3 56.Qxg3 Qb5
57.Qe1 Qc4 58.Qd2 Kf7 59.Re1 Ng6 60.Rc1 Qh4+ 61.Kg1 Ne5 62.Rc7+ Kf6 63.Rxb7 d4
64.b5 Nc4 65.Qe2 axb5 66.Rxb5 d3 67.Qxd3 Qe1+ 68.Qf1 Qc3 69.Rc5 Qd4+ 70.Qf2 Qa1+
71.Kh2 Ne5 72.Qe3  1-0

[Event "86th ch-ARG 2012"]
[Site "La Plata ARG"]
[Date "2012.07.04"]
[Round "1.4"]
[White "Colautti,M"]
[Black "Alonso,S"]
[Result "0-1"]
[WhiteElo "1973"]
[BlackElo "2516"]

1.d4 d5 2.c4 c6 3.Nc3 Nf6 4.Nf3 dxc4 5.a4 Bf5 6.e3 e6 7.Bxc4 Bb4 8.O-O O-O
9.Ne5 Nbd7 10.Nxd7 Qxd7 11.Qe2 Bg6 12.Bd2 Qe7 13.Bb3 Rad8 14.Rfd1 e5 15.dxe5 Qxe5
16.Be1 Bd6 17.f4 Qc5 18.Rd4 Qb6 19.Bc4 Bc5 20.a5 Qc7 21.Rxd8 Rxd8 22.Bf2 Re8
23.h3 a6 24.g4 Ne4 25.Nxe4 Bxe4 26.Bd3 Bxd3 27.Qxd3 Bb4 28.Qf5 g6 29.Qg5 Be7
30.Qh6 Bf8 31.Qg5 h6 32.Qh4 Qd7 33.f5 gxf5 34.gxf5 Qxf5 35.Ra4 Re6 36.Rg4+ Rg6
37.e4 Qxe4  0-1

[Event "35th Barbera Open A"]
[Site "Barbera del Valles ESP"]
[Date "2012.07.05"]
[Round "2.3"]
[White "Rios,Cr"]
[Black "Peralta,Fe"]
[Result "1/2-1/2"]
[WhiteElo "2405"]
[BlackElo "2602"]

1.d4 d5 2.c4 c6 3.Nc3 Nf6 4.Nf3 dxc4 5.a4 Bf5 6.Nh4 e6 7.Nxf5 exf5 8.e3 Bb4
9.Bxc4 O-O 10.O-O Nbd7 11.Qc2 Nb6 12.Bd3 g6 13.a5 Nbd5 14.a6 b6 15.Nxd5 cxd5
16.Bd2 Bd6 17.h3 Ne4 18.Bxe4 fxe4 19.Rfc1 Qd7 20.Qc6 Qxc6 21.Rxc6 Rfd8 22.Kf1 Rac8
23.Rac1 Rxc6 24.Rxc6 f5 25.Ke2 Kf7 26.Kd1 Ke7 27.Rc1 Kd7 28.Kc2 Rc8+ 29.Bc3 Kc6
30.Kb3 Kb5 31.Ra1 g5 32.Rh1 Be7 33.Rf1 Kxa6 34.f4 Rf8 35.Bb4 Bxb4 36.Kxb4 h6
37.b3 Kb7 38.Kb5 a6+ 39.Kb4 Kc6 40.h4 gxf4 41.Rxf4 h5 42.Rf1 Kd6 43.Ra1 f4
44.exf4 a5+ 45.Kb5 Rxf4 46.Kxb6 Rf8 47.Rg1 Rb8+ 48.Kxa5 Rxb3 49.g4 hxg4 50.Rxg4 Ke6
51.Rg5 Rd3 52.h5 Rxd4 53.h6 e3 54.Rg8 Rh4 55.Re8+ Kf5 56.Rxe3 Rxh6 57.Kb5 d4
58.Re1 d3 59.Kc4 Rd6 60.Kc3  1/2-1/2

[Event "35th Barbera Open A"]
[Site "Barbera del Valles ESP"]
[Date "2012.07.05"]
[Round "2.33"]
[White "Mamedjarova,Z"]
[Black "Dave,D"]
[Result "0-1"]
[WhiteElo "2307"]
[BlackElo "2170"]

1.d4 d5 2.c4 c6 3.Nf3 Nf6 4.Nc3 dxc4 5.a4 Bf5 6.e3 e6 7.Bxc4 Nbd7 8.O-O Bb4
9.Qe2 O-O 10.e4 Bg6 11.e5 Nd5 12.Ne4 h6 13.Rd1 Qe7 14.a5 b5 15.Bd3 a6 16.Ng3 Bxd3
17.Rxd3 Rfd8 18.Qe4 f5 19.exf6 N7xf6 20.Qe2 Qe8 21.Ne5 Ra7 22.Ne4 Nxe4 23.Qxe4 Bd6
24.Rg3 Bxe5 25.Qxe5 Kh7 26.Raa3 Rf7 27.Raf3 Rdd7 28.Qe4+ Kh8 29.Qg6 Rfe7
30.Qe4 e5 31.dxe5 Nc3 32.Qe1 Rd1 33.Qxd1 Nxd1 34.h4 Rxe5 35.Bf4 Re1+ 36.Kh2 Qh5
37.b4 Nxf2  0-1

[Event "ch-SLO 2012"]
[Site "Ljubljana SLO"]
[Date "2012.07.05"]
[Round "6.4"]
[White "Soln,P"]
[Black "Buzeti,J"]
[Result "1/2-1/2"]
[WhiteElo "2387"]
[BlackElo "2303"]

1.d4 d5 2.c4 c6 3.Nc3 Nf6 4.Nf3 dxc4 5.a4 Bf5 6.Nh4 e6 7.Nxf5 exf5 8.e3 Bb4
9.Bxc4 O-O 10.Qf3 Qa5 11.Bd2 Ne4 12.Nxe4  1/2-1/2

[Event "ch-BEL Experts 2012"]
[Site "Lommel BEL"]
[Date "2012.07.05"]
[Round "6.2"]
[White "Hovhanisian,M"]
[Black "Hautot,S"]
[Result "1/2-1/2"]
[WhiteElo "2492"]
[BlackElo "2395"]

1.d4 d5 2.c4 c6 3.Nf3 Nf6 4.Nc3 dxc4 5.a4 Bf5 6.Ne5 Nbd7 7.Nxc4 Nb6 8.Ne3 Bg6
9.a5 Nbd5 10.Nexd5 Nxd5 11.Qb3 e6 12.Nxd5 Qxd5 13.Qxb7 Rd8 14.Bd2 Bc5 15.Bc3 Bxd4
16.Bxd4 Qxd4 17.Qxc6+ Ke7 18.Qc3 Qxc3+ 19.bxc3 Rc8 20.Ra3 Rc5 21.f3 Rb8 22.e4 Rb1+
23.Kf2 f5 24.exf5 exf5 25.Rg1 f4 26.Ra2 Rxc3 27.Ba6 Rxg1 28.Kxg1 Rc1+ 29.Kf2 Rc2+
30.Rxc2 Bxc2 31.h4 h6 32.g3 g5 33.hxg5 hxg5 34.gxf4 gxf4 35.Ke2 Kd6 36.Kd2 Bb3
37.Kc3 Bd5 38.Be2 Kc5 39.Bd1 Bc4 40.Bc2 Bd5 41.Bd1 Bc4  1/2-1/2

[Event "5th Int ch-Central Serbia 2012"]
[Site "Paracin SRB"]
[Date "2012.07.09"]
[Round "4.5"]
[White "Indjic,A"]
[Black "Kislik,E"]
[Result "1-0"]
[WhiteElo "2451"]
[BlackElo "2408"]

1.d4 d5 2.Nf3 Nf6 3.c4 c6 4.Nc3 dxc4 5.a4 Bf5 6.Ne5 Nbd7 7.Nxc4 Nb6 8.Ne5 a5
9.f3 Nfd7 10.Nxd7 Nxd7 11.e4 Bg6 12.Be3 e6 13.Be2 Bb4 14.O-O O-O 15.Na2 Bd6
16.Qb3 Qc7 17.e5 Be7 18.f4 Qb6 19.Qc3 Be4 20.Bc4 c5 21.Rad1 Rfc8 22.f5 cxd4
23.Rxd4 Bc5 24.fxe6 Nxe5 25.exf7+ Kf8 26.Rxe4 Bxe3+ 27.Kh1 Nxc4 28.Re8+ Rxe8
29.fxe8=Q+ Kxe8 30.Qxc4 Ra6 31.Qg8+  1-0

[Event "35th Barbera Open A"]
[Site "Barbera del Valles ESP"]
[Date "2012.07.10"]
[Round "7.9"]
[White "Arizmendi Martinez,J"]
[Black "Alarcon Casellas,Rol"]
[Result "1/2-1/2"]
[WhiteElo "2559"]
[BlackElo "2436"]

1.d4 d5 2.c4 c6 3.Nf3 Nf6 4.Nc3 dxc4 5.a4 Bf5 6.e3 e6 7.Bxc4 Bb4 8.O-O O-O
9.Qe2 Bg6 10.Ne5 Nbd7 11.Nxg6 hxg6 12.Rd1 Qa5 13.e4 e5 14.Na2 Qxa4 15.d5 Qa5
16.Be3 c5 17.d6 Qb6 18.f3 a6 19.Rd3 Qa5 20.Bb3 Rac8 21.Rdd1 Qb6 22.Ba4 Rfd8
23.Qc4 Ba5 24.Rac1 Qa7 25.Bxd7 Nxd7 26.b4 Bb6 27.Kh1 Rc6 28.Qe2 c4 29.Bg5 f6
30.Nc3 fxg5 31.Nd5 Kh7 32.Ne7 Bd4 33.Nxc6 bxc6 34.Rxc4 c5 35.Qd2 Nf6 36.bxc5 Bxc5
37.Qxg5 Rxd6 38.Rf1 Rd4 39.Rc2 Qe7 40.Qh4+ Kg8 41.Qg3 Qd6 42.Qxg6 Rd1 43.Rc1 Rxf1+
44.Rxf1 a5 45.Qf5 Nd7 46.f4 Nf8 47.fxe5 Qe6 48.Rc1 g6 49.Qf6 Be7 50.Qxe6+ Nxe6
51.Rc8+ Kf7 52.Ra8 Bb4 53.Ra7+ Ke8 54.h4 Kf8 55.g4 Nf4 56.Kh2 Be1 57.e6 Ke8
58.Kg1 Bxh4 59.Rxa5 Ke7 60.Ra6 Kf6 61.Kf1 Ke5 62.Ra4 Kxe6 63.Ra5 Nd3 64.Ra6+ Kf7
65.Kg2 Ne5 66.Kh3 Bf2 67.Rd6 Be3 68.Kg3 g5 69.Ra6 Bf4+ 70.Kh3 Ke7 71.Rh6 Nc4
72.Ra6 Nd2 73.Kg2 Nxe4 74.Kf3 Nc5 75.Rc6 Bd6 76.Rb6 Ke6 77.Rb2 Bf4 78.Rb6+ Kd5
79.Rb4 Ke5 80.Rb5 Kd5 81.Ra5 Be5 82.Ke3 Bd4+ 83.Kf3 Bc3 84.Rb5 Bd2 85.Rb2 Bc3
86.Rb5 Kd4 87.Rb8 Ne6 88.Rb6 Kd5 89.Rb5+ Nc5 90.Rb8 Ba5 91.Ke3 Bc7 92.Rb5 Kc4
93.Rb2 Bf4+ 94.Kf3 Kd3 95.Ra2 Bd2 96.Ra3+ Bc3 97.Ra7 Ne6 98.Ra3 Nd4+ 99.Kf2 Nc2
100.Rb3 Nd4 101.Ra3 Nb5 102.Ra4 Nd4 103.Ra3  1/2-1/2

[Event "Werner-Ott-Open 2012"]
[Site "Berlin GER"]
[Date "2012.07.10"]
[Round "4.18"]
[White "Bahner,J"]
[Black "Solhjou,Mohammed Hassan"]
[Result "0-1"]
[WhiteElo "2000"]
[BlackElo "1972"]

1.d4 d5 2.c4 c6 3.Nc3 dxc4 4.a4 Nf6 5.Nf3 Bf5 6.e3 e6 7.Bxc4 Bb4 8.O-O Nbd7
9.Qe2 O-O 10.Rd1 Ne4 11.Nxe4 Bxe4 12.Bd2 Bd6 13.Ne5 Bc2 14.Rdc1 Be4 15.Nxd7 Qxd7
16.Bc3 Qe7 17.f3 Bd5 18.Bd3 e5 19.e4 exd4 20.Bxd4 c5 21.Bc3 Rfe8 22.Bb5 Bc6
23.Bxc6 bxc6 24.Qc4 Qh4 25.h3 Re6 26.Be1 Qf4 27.Qf1 Qh2+ 28.Kf2 Be5 29.Bc3 Qg3+
30.Ke2 Bd4 31.Bxd4 cxd4 32.Kd3 Rb8 33.Kc2 d3+ 34.Kb1 Rg6 35.Qxd3 Qxg2 36.Rc2 Qxh3
37.Ka2 h5 38.Rac1 Rf6 39.Rxc6 Rxf3 40.Qc2 Kh7 41.Ra6 Rb7 42.Rg1 Rfb3 43.Rb1 Rg3
44.e5+ g6 45.Qe4 Qg2 46.Qd4 Rbb3 47.Rd1 Qc2 48.Rd2 Ra3+  0-1

[Event "9th South Wales Int"]
[Site "Penarth WLS"]
[Date "2012.07.10"]
[Round "6.5"]
[White "Duncan,C"]
[Black "Horton,Ju"]
[Result "1-0"]
[WhiteElo "2318"]
[BlackElo "2079"]

1.Nf3 d5 2.d4 Nf6 3.c4 c6 4.Nc3 dxc4 5.a4 Bf5 6.Nh4 e6 7.Nxf5 exf5 8.e3 Bb4
9.Bxc4 Nbd7 10.Qb3 Bxc3+ 11.bxc3 O-O 12.Qxb7 Nb6 13.Bd3 Qd5 14.O-O Ne4 15.a5 Nc4
16.Qa6 Ned6 17.Ba3 Nxa3 18.Rxa3 Ne4 19.c4 Qd6 20.c5 Qd7 21.Rb1 Rab8 22.Rab3 Rxb3
23.Rxb3 Qe6 24.Bc4 Qf6 25.Rb7 g6 26.Qxa7 Nc3 27.a6 Nb5 28.Bxb5 cxb5 29.Rb8  1-0

[Event "ch-NOR 2012"]
[Site "Sandefjord NOR"]
[Date "2012.07.10"]
[Round "5.3"]
[White "Urkedal,F"]
[Black "Hole,O"]
[Result "1-0"]
[WhiteElo "2436"]
[BlackElo "2356"]

1.d4 d5 2.c4 c6 3.Nf3 Nf6 4.Nc3 dxc4 5.a4 Bf5 6.Ne5 Nbd7 7.Nxc4 Qc7 8.g3 e5
9.dxe5 Nxe5 10.Bf4 Nfd7 11.Bg2 g5 12.Ne3 gxf4 13.Nxf5 O-O-O 14.Qc2 h5 15.gxf4 Ng4
16.e3 Nc5 17.O-O Ne6 18.h3 Nf6 19.Rfd1 Rxd1+ 20.Rxd1 Rg8 21.Kh1 Kb8 22.Ne4 Nd5
23.Neg3 Nb4 24.Qc3 Qa5 25.Qf6 Qxa4 26.Rd7 Qa1+ 27.Kh2  1-0

[Event "Turkish Bank Chess League 2012"]
[Site "Konya TUR"]
[Date "2012.07.11"]
[Round "1"]
[White "Ererdem,G"]
[Black "Gundogan,C"]
[Result "1/2-1/2"]
[WhiteElo "1963"]
[BlackElo "1966"]

1.d4 d5 2.c4 c6 3.Nf3 Nf6 4.Nc3 dxc4 5.a4 Bf5 6.Ne5 Nbd7 7.Nxc4 Qc7 8.g3 e5
9.dxe5 Nxe5 10.Bf4 Nfd7 11.Bg2 f6 12.O-O g5 13.Bxe5 Nxe5 14.Ne3 Be6 15.Qc2 O-O-O
16.Rfc1 Kb8 17.b4 f5 18.b5 f4 19.bxc6 Nxc6 20.Nb5 Qf7 21.Qe4 fxe3 22.Rxc6 bxc6
23.Qe5+ Kc8 24.Rc1 exf2+ 25.Kf1 Bd5 26.Bxd5 Rxd5 27.Rxc6+ Kd8 28.Qb8+ Ke7
29.Qc7+ Rd7 30.Qe5+ Kd8 31.Qb8+ Ke7 32.Qe5+ Kd8  1/2-1/2

[Event "Turkish Bank Chess League 2012"]
[Site "Konya TUR"]
[Date "2012.07.12"]
[Round "2"]
[White "Kasimdzhanov,R"]
[Black "Deviatkin,A"]
[Result "1/2-1/2"]
[WhiteElo "2690"]
[BlackElo "2590"]

1.d4 d5 2.c4 c6 3.Nf3 Nf6 4.Nc3 dxc4 5.a4 Bf5 6.e3 e6 7.Bxc4 Bb4 8.O-O Nbd7
9.Qe2 Bg6 10.e4 O-O 11.Bd3 Bh5 12.e5 Nd5 13.Nxd5 cxd5 14.Qe3 Be7 15.Bd2 Nb8
16.Bc3 a5 17.Ne1 Nc6 18.Qh3 Bg6 19.Bxg6 hxg6 20.f4 Rb8 21.Nf3 b5 22.axb5 Rxb5
23.Kh1 Rb3 24.g4 Qd7 25.Rae1 Rfb8 26.Re3 a4 27.Ng5 Bxg5 28.fxg5 a3 29.bxa3 Rb1
30.Rf3 Qa7 31.Rxb1 Rxb1+ 32.Rf1 Rb3 33.Qe3 Qxa3 34.Rf3 Qa2 35.Qf4 Qb1+ 36.Rf1 Qa2
37.Rf3 Qb1+ 38.Rf1 Qe4+ 39.Qxe4 dxe4 40.Rc1 Ne7 41.Be1 Nd5 42.Bg3 Ne3 43.Bf2 Nd5
44.Re1 e3 45.Bg3 Rb2 46.Kg1 Rd2 47.h3 Rxd4 48.Kg2 Rd3 49.Re2 Nc3 50.Re1 e2
51.h4 Kh8 52.Bh2 Kh7 53.Bg3 Kg8 54.Bh2 Kf8 55.Bg3 Rd4 56.Kf3 Kg8 57.Bh2 Rd2
58.Bg3 Kf8 59.Bh2 Ke7 60.Bg3 Rd3+ 61.Kg2 Rd4 62.Kf3 Rd5 63.Bh2 Rd3+ 64.Kg2 Rd1
65.Bg3 Ke8 66.Kf3 Rd2 67.Bh2 Ra2 68.Bg3 Ra4 69.Bh2 Rd4 70.Bg3 Rd3+ 71.Kg2 Nd5
72.Kf2 Ne3 73.Kxe2 Rb3 74.Rg1 Nxg4 75.Bf4 Rb2+ 76.Kf3 Nf2 77.Ra1 Nd3 78.Ra8+ Kd7
79.Ra7+ Kc6 80.Rxf7 Rf2+ 81.Ke3 Rxf4 82.Rxg7 Rxh4 83.Kxd3 Kd5 84.Rxg6 Kxe5  1/2-1/2

[Event "Werner-Ott-Open 2012"]
[Site "Berlin GER"]
[Date "2012.07.13"]
[Round "7.16"]
[White "Hoffmann,Ra"]
[Black "Schmidt,Juerg"]
[Result "0-1"]
[WhiteElo "2116"]
[BlackElo "2034"]

1.Nf3 d5 2.d4 Nf6 3.c4 c6 4.Nc3 dxc4 5.a4 Bf5 6.e3 e6 7.Bxc4 Nbd7 8.O-O Bb4
9.Bd2 O-O 10.Qe2 a6 11.e4 Bxc3 12.exf5 Bxd2 13.fxe6 Bb4 14.exd7 Qxd7 15.Rad1 Nd5
16.Ne5 Qd6 17.Qg4 Rae8 18.Rd3 Nf6 19.Qf3 b5 20.Bb3 c5 21.axb5 axb5 22.Nxf7 Rxf7
23.Bxf7+ Kxf7 24.dxc5 Qxc5 25.Rd7+ Kg8 26.Rb7 Qc4 27.g3 Bf8 28.b3 Qc5 29.Qf4 Qd5
30.Rb8 Rxb8 31.Qxb8 Qxb3 32.Rc1 b4 33.Rc8 Qb1+ 34.Kg2 Qe4+ 35.f3 Qe7 36.g4 Nd7
37.Qb5 Nf6 38.Qc4+ Kh8 39.g5 Nd7 40.h4 Nb6  0-1

[Event "ch-SWE 2012"]
[Site "Falun SWE"]
[Date "2012.07.13"]
[Round "7.5"]
[White "Smith,Ax"]
[Black "Tikkanen,H"]
[Result "1/2-1/2"]
[WhiteElo "2491"]
[BlackElo "2573"]

1.d4 d5 2.c4 c6 3.Nf3 Nf6 4.Nc3 dxc4 5.a4 Bf5 6.Nh4 Bg4 7.h3 Bh5 8.g4 Bg6
9.Nxg6 hxg6 10.e4 e5 11.Bxc4 exd4 12.e5 Bb4 13.exf6 dxc3 14.Qxd8+ Kxd8 15.O-O gxf6
16.Rd1+ Nd7 17.bxc3 Bc5 18.Bxf7 Ke7 19.Kg2 Ne5 20.Bb3 Rad8 21.Bf4 g5 22.Bg3 Ng6
23.Bc2 Kf7 24.Rab1 b6 25.Be4 Ne7 26.Bc7 Rxd1 27.Rxd1 b5 28.axb5 cxb5 29.Bd5+ Nxd5
30.Rxd5 Bb6 31.Bxb6 axb6 32.Rxb5 Rc8 33.Rb3 Rc4 34.Kf3 Ke7 35.Ke3 Kf7 36.Kd3 Rf4
37.Ke3 Rc4 38.Kd3 Rf4 39.Rxb6 Rxf2 40.c4 Rf3+ 41.Kd4 Rxh3 42.c5 Rh1 43.Kd5 Rd1+
44.Kc6 f5 45.Kb7 fxg4 46.c6 g3 47.c7 Rc1 48.c8=Q Rxc8 49.Kxc8 g2 50.Rb1 Ke6
51.Rg1 g4 52.Rxg2 Kf5 53.Kd7 Kf4 54.Ke6 Kf3 55.Rg1 g3 56.Ke5 g2 57.Rc1 Kf2
58.Kf4 g1=Q 59.Rc2+ Kf1 60.Rc1+ Kg2 61.Rxg1+ Kxg1 62.Kg3  1/2-1/2

[Event "119th ch-SCO 2012"]
[Site "Glasgow SCO"]
[Date "2012.07.13"]
[Round "7.7"]
[White "Hawkins,Jo"]
[Black "Gretarsson,Hj"]
[Result "1-0"]
[WhiteElo "2499"]
[BlackElo "2507"]

1.d4 d5 2.c4 c6 3.Nf3 Nf6 4.Nc3 dxc4 5.a4 Bf5 6.Ne5 Nbd7 7.Nxc4 Nb6 8.Ne5 a5
9.g3 e6 10.Bg2 Bb4 11.O-O O-O 12.e3 h6 13.Qe2 Bh7 14.Rd1 Nfd7 15.Nd3 Qe7
16.e4 e5 17.dxe5 Nxe5 18.Nxe5 Qxe5 19.Be3 Bc5 20.Rac1 Bxe3 21.Qxe3 Nc4 22.Qd4 Qxd4
23.Rxd4 Nb6 24.Rcd1 Rac8 25.f4 Rfe8 26.b4 c5 27.bxc5 Rxc5 28.Nb5 f6 29.Nd6 Re7
30.Rb1 Rc6 31.Rb5 Nxa4 32.Rxa5 Nb6 33.Rd1 Rec7 34.Raa1 Rc2 35.e5 fxe5 36.fxe5 Re7
37.Bd5+ Kh8 38.Nf7+ Rxf7 39.Bxf7 Be4 40.Rd8+ Kh7 41.Bg8+  1-0

[Event "Turkish Bank Chess League 2012"]
[Site "Konya TUR"]
[Date "2012.07.13"]
[Round "3"]
[White "Ererdem,G"]
[Black "Burcu,C"]
[Result "1/2-1/2"]
[WhiteElo "1963"]
[BlackElo "1952"]

1.d4 d5 2.c4 c6 3.Nf3 Nf6 4.Nc3 dxc4 5.a4 Bf5 6.Ne5 Nbd7 7.Nxc4 Nb6 8.Ne5 a5
9.f3 Nfd7 10.e4 Nxe5 11.dxe5 Be6 12.Be3 Nc4 13.Bxc4 Bxc4 14.b3 Qxd1+ 15.Rxd1 Bxb3
16.Rb1 Bc4 17.e6 Ba6 18.e5 g5 19.Ne4 h6 20.Nc5 Bg7 21.Nxa6 Rxa6 22.Rxb7 O-O
23.Rxe7 fxe6 24.Kf2 Bxe5 25.Rxe6 Bg7 26.Rd1 Rf6 27.Re7 Ra8 28.Kg3 Bf8 29.Rb7 Rf7
30.Rb6 Rc8 31.Rc1 Rfc7 32.Bc5 Bg7 33.Ra6 Be5+ 34.Kf2 Rb7 35.Rc2 Rcb8 36.Rxc6 Rb2
37.Ba3 Rxc2+ 38.Rxc2 Rb1 39.Ra2 Bxh2 40.Ke3 Kf7 41.Kd4 h5 42.Kc4 Be5 43.Re2 Bf6
44.Bc5 g4 45.fxg4  1/2-1/2

[Event "87th ch-Paris IdF Open"]
[Site "Paris FRA"]
[Date "2012.07.13"]
[Round "7.12"]
[White "Kirk,Ez"]
[Black "Ducarmon,Q"]
[Result "0-1"]
[WhiteElo "2216"]
[BlackElo "2382"]

1.d4 d5 2.c4 c6 3.Nc3 dxc4 4.a4 Nf6 5.Nf3 Bf5 6.Nh4 Bg4 7.h3 Bh5 8.g4 Bg6
9.Nxg6 hxg6 10.e3 e6 11.Bg2 Na6 12.O-O Nb4 13.Qe2 Qc7 14.Bd2 g5 15.Rfd1 Bd6
16.Qxc4 a5 17.Rac1 Rd8 18.e4 Bf4 19.e5 Nfd5 20.Ne4 Qe7 21.Qb3 Bxd2 22.Rxd2 Nf4
23.Bf1 Rd5 24.Rc3 Qd8 25.Nd6+ Rxd6 26.exd6 Qxd6 27.Rc5 b6 28.Re5 Qe7 29.Qf3 Qf6
30.Qg3 g6 31.Qc3 Kf8 32.Rd1 Kg7 33.Qg3 Rd8 34.Re4 Rh8 35.Rc1 Qe7 36.Rc3 Qd6
37.Rc4 Nxh3+ 38.Bxh3 Qxg3+ 39.fxg3 Rxh3 40.Kg2 Rh8 41.Re1 Rd8 42.Kf3 b5 43.axb5 cxb5
44.Rc7 Rxd4 45.Rf1 Nd5 46.Ra7 a4 47.Kg2 Ne3+ 48.Kf2 Nd5 49.Rh1  0-1

[Event "TCh-CHN 2012"]
[Site "Tianjin CHN"]
[Date "2012.07.13"]
[Round "9"]
[White "Tan Zhongyi"]
[Black "Shen Yang"]
[Result "1-0"]
[WhiteElo "2438"]
[BlackElo "2440"]

1.Nf3 d5 2.d4 Nf6 3.c4 c6 4.Nc3 dxc4 5.a4 Bf5 6.Ne5 Nbd7 7.Nxc4 Nb6 8.Ne5 a5
9.e3 g6 10.Bd3 Bxd3 11.Nxd3 Bg7 12.Qb3 Nfd7 13.O-O O-O 14.Rd1 Qc7 15.Bd2 e5
16.Rac1 Rfe8 17.e4 exd4 18.Nb5 Qb8 19.Bf4 Ne5 20.Nxe5 Bxe5 21.Bxe5 Qxe5 22.Nxd4 Ra6
23.Nf3 Qe6 24.Qxe6 Rxe6 25.Rd4 Re7 26.b3 Nd7 27.Nd2 Rb6 28.f3 Kf8 29.Rc3 Kg7
30.Nc4 Ra6 31.Nd6 Nf6 32.Rc5 Nd7 33.Rg5 Kh6 34.f4 f6 35.Rg3 Nf8 36.f5 Rd7
37.Rh3+ Kg7 38.Ne8+ Kf7 39.Rxd7+ Nxd7 40.Nc7 h5 41.Nxa6 bxa6 42.Rc3 c5 43.Rd3 Ne5
44.Rd5 gxf5 45.exf5 c4 46.bxc4 Nxc4 47.Rc5  1-0

[Event "TCh-CHN 2012"]
[Site "Tianjin CHN"]
[Date "2012.07.13"]
[Round "9"]
[White "Wang Doudou"]
[Black "Pham Le Thao Nguyen"]
[Result "0-1"]
[WhiteElo "2186"]
[BlackElo "2351"]

1.d4 d5 2.c4 c6 3.Nf3 Nf6 4.Nc3 dxc4 5.a4 Bf5 6.Ne5 Nbd7 7.Nxc4 Qc7 8.g3 e5
9.dxe5 Nxe5 10.Bf4 Nfd7 11.Bg2 g5 12.Bxe5 Nxe5 13.Qd4 f6 14.O-O-O Be7 15.Ne3 Be6
16.h4 g4 17.Qf4 Qa5 18.Nf5 Ng6 19.Nd6+ Bxd6 20.Qxd6 Kf7 21.Ne4 Rhd8 22.Qa3 Bd5
23.Rhg1 Qc7 24.h5 Ne5 25.Qe3 Nc4 26.Qh6 Bxe4 27.Bxe4 Qe5 28.Qxh7+ Ke6 29.Qxb7 Qxe4
30.Rxd8 Rxd8 31.h6 Nd2  0-1

[Event "TCh-CHN 2012"]
[Site "Tianjin CHN"]
[Date "2012.07.14"]
[Round "10"]
[White "Ma Qun"]
[Black "Yu Ruiyuan"]
[Result "1-0"]
[WhiteElo "2481"]
[BlackElo "2511"]

1.d4 d5 2.c4 c6 3.Nc3 Nf6 4.Nf3 dxc4 5.a4 Bf5 6.Ne5 Nbd7 7.Nxc4 Nb6 8.Ne5 a5
9.f3 Nfd7 10.e4 Nxe5 11.exf5 Nec4 12.Qb3 Nd6 13.g4 g6 14.Bf4 gxf5 15.O-O-O e6
16.gxf5 Nxf5 17.d5 cxd5 18.Bb5+ Ke7 19.Qa3+ Kf6 20.Ne4+ Kg6 21.Rdg1+ Kh5
22.Qd3 dxe4 23.Qf1 Bh6 24.fxe4 Bxf4+ 25.Kb1 Bg5 26.h4 Be3 27.exf5 Qd4 28.Qf3+ Kh6
29.Rg4 Qc5 30.fxe6 f5 31.Rg5 Bxg5 32.hxg5+ Kxg5 33.Qg3+ Kf6 34.Rh6+ Ke7 35.Qg7+ Kd6
36.e7+ Kd5 37.Qg2+ Ke5 38.Qe2+ Kf4 39.Qh2+ Kf3 40.Be2+ Ke4 41.Re6+  1-0

[Event "ch-PHI Grand Final 2012"]
[Site "Boracay PHI"]
[Date "2012.07.16"]
[Round "3.8"]
[White "Nava,R"]
[Black "Gomez,Joh"]
[Result "0-1"]
[WhiteElo "2397"]
[BlackElo "2539"]

1.d4 d5 2.c4 c6 3.Nf3 Nf6 4.Nc3 dxc4 5.a4 Bf5 6.Ne5 Nbd7 7.Nxc4 Nb6 8.Ne5 a5
9.f3 Nfd7 10.Nxd7 Nxd7 11.e4 Bg6 12.Be2 e6 13.O-O Bb4 14.Be3 O-O 15.Qb3 Qc7
16.Rac1 Rae8 17.Kh1 Qb8 18.Bc4 Kh8 19.Na2 Bd6 20.Bg1 Bc7 21.Rfe1 Bb6 22.Rcd1 Qc7
23.Nc1 e5 24.d5 Bxg1 25.Rxg1 f5 26.exf5 Bxf5 27.d6 Qb8 28.Qc3 e4 29.fxe4 Bxe4
30.Qxa5 Nf6 31.h3 b6 32.Qg5 Bc2 33.Rd4 Ne4 34.Rxe4 Rxe4 35.b3 Qxd6 36.Na2 Re5
37.Qg3 Qe7 38.Qc3 Be4 39.Nb4 b5 40.axb5 cxb5 41.Bd3 Bxd3 42.Nxd3 Re3 43.Qc5 Qxc5
44.Nxc5 Rf2 45.Kh2 h6 46.Rb1 Rc2 47.b4 Ree2 48.Rg1 g5  0-1